000 00785nam a2200193 4500
008 160912b xxu||||| |||| 00| 0 eng d
020 _a0821357964
082 _22004
_aDC 307.1416091724
_bB48u
100 _914486
_aBigio, Anthony G.
245 _aUrban environment and infrastructure:
_btoward livable cities/
_cAnthony G. Bigio and Bharat Dahiya.
260 _aWashington, D.C.:
_bThe World Bank,
_cc2004.
300 _axxi, 149 pages:
_billustrations;
_c23 cm.
500 _aIncludes bibliographical references and index.
650 0 _914487
_aWorld Bank
650 0 _914488
_aCommunity development, Urban
_xDeveloping countries
_xEvaluation
650 0 _914489
_aEconomic assistance
_xDeveloping countries
_xEvaluation
700 _914490
_aDahiya, Bharat
_eAuthor
942 _2ddc
_cDC
999 _c4497
_d4497